1251 1412 1578 1924 1751 1183 1932 1493 1109 1729 1280 1045 1253 1424 1565 1968 1203 1598 1246 1806 1006 1817 1082 1529 1181 1927 1797 1562 1184 1885 1243 1565 1232 1228 1685 1475 1024 1629 1602 1299 1417 1244 1198 1264 1793 1132 1000 1482 1862 1711 1745 1237 1477 1876 1025 1861 1400 1657 1912 1983 1070 1740 1814 1303 1933 1221 1198 1446 1326 1754 1496 1794 1720 1496 1372 1335 1594 1513 1297 1081 1830 1907 1762 1703 1674 1438 1070 1066 1683 1422 1040 1498 1833 1040 1827 1358 1425 1684 1617 BCNSPRNW ULIB Ver.6.0+V

เปลี่ยนเป็นภาษาไทย

Change to English
 แสดงรายละเอียดบรรณานุกรม
  กลับหน้าหลัก

Brief Record : Get Marc (ISO 2709) : E-mail record : QR code < ปิดหน้าต่าง
LEADER : 00000nam 2200000uu 4500
001    13399110488
003     ULIB
008    110601s2551||||th 000 0 tha d
020    9789742977474
060 04 WO700^bน299ร 2551
245 00 รายงานผลการสำรวจพฤติกรรมเสี่ยงโรคไม่ติดต่อและการบาดเจ็บ พ.ศ. 2550 /^cกันต์ เชิญรุ่งโรจน์, บรรณาธิการ
246 31 พฤติกรรมเสียงโรคไม่ติดต่อและการบาดเจ็บ
260    กรุงเทพฯ :^bศูนย์ข้อมูลโรคไม่ติดต่อ,^c2551
300    ก-ฑ, 188 หน้า ;^c30 ซม.
500    ปีที่เลขเรียกหนังสือใช้ปีเนื้อหาของข้อมูล
500    LIPR มีเอกสารประกอบเพิ่มเติม 2 รายการ : (1)บทสรุปสำหรับผู้บริหาร (2) สถิติการสำรวจพฤติกรรมเสี่ยงโรคไม่ติดต่อและการบาดเจ็บ
650  7 การเข้าถึงบริการสุขภาพ
650  7 การบาดเจ็บ^xสถิติ
650  7 การประเมินความเสี่ยงด้านสุขภาพ
650  7 การส่งเสริมสุขภาพ
650  7 การสำรวจอนามัย^zไทย
650  7 บาดแผลและบาดเจ็บ
650  7 บาดแผลและบาดเจ็บ^vการสำรวจ
650  7 บาดแผลและบาดเจ็บ^vวิจัย
650  7 โรค^xการป้องกันและควบคุม
650  7 โรค^vการสำรวจ
650  7 โรคติดต่อ
650  7 โรคไม่ติดต่อ
650  7 โรคไม่ติดต่อ^vวิจัย
650  7 พฤติกรรมสุขภาพ
650  7 วิจัย
651  7 ไทย^xประชากร^xสุขภาพและอนามัย^xการสำรวจ
700 0  กันต์ เชิญรุ่งโรจน์,^eบรรณาธิการ
710 2  กรมควบคุมโรค. ^bสำนักโรคไม่ติดต่อ.^bศูนย์ข้อมูลโรคไม่ติดต่อ
945    ^p0^l0^i027607
995    ทศพร
999 ^a ใช้งานได้ทุกระบบ
รายการนี้ยังไม่มีแท็ก
คุณยังไม่ได้ล็อกอิน คุณสามารถมีกิจกรรมร่วมกับเว็บไซต์ได้ แต่ต้องล็อกอินก่อน ::
  ล็อกอิน

รายการสื่อสารสนเทศ

ลำดับที่ ประเภท เลขเรียก/บาร์โค้ด สถานที่ สถานะ
1. วิทยาศาสตร์การแพทย์ และสุขภาพ
หนังสือสำรอง
สถานะ=หนังสือสำรอง
WO700 น299ร 2551 ฉ.1 
  Barcode: 027607
ห้องสมุดวิทยาเขตสวรรค์ประชารักษ์
►ส่วนจัดเก็บหนังสือเก่า สปร
บนชั้น
  ขอยืม

รายการใกล้เคียง
    หัวเรื่อง [การเข้าถึงบริการสุขภาพ]
    หัวเรื่อง [การประเมินความเสี่ยงด้านสุขภาพ]
    หัวเรื่อง [การส่งเสริมสุขภาพ]
    หัวเรื่อง [บาดแผลและบาดเจ็บ]
    หัวเรื่อง [โรคติดต่อ]
    หัวเรื่อง [โรคไม่ติดต่อ]
    หัวเรื่อง [พฤติกรรมสุขภาพ]
    หัวเรื่อง [วิจัย]

BibComment


ยังไม่เคยถูกคอมเมนท์

คอมเมนท์ทรัพยากรรายการนี้
  คอมเมนท์: รายงานผลการสำรวจพ..


 Copyright 2026. Bcnsprnw @Library